|
|
|
|
| LEADER |
01932nam a2200541 a 4500 |
| 001 |
nkc20061640320 |
| 003 |
CZ PrNK |
| 005 |
20060330144733.0 |
| 007 |
ta |
| 008 |
060130s2006 xr ac e 000 0dcze |
| 015 |
|
|
|a cnb001640320
|
| 020 |
|
|
|a 80-86434-13-3
|q (brož.)
|
| 035 |
|
|
|a (OCoLC)68890412
|
| 040 |
|
|
|a BOA001
|b cze
|d ABA001
|
| 041 |
0 |
|
|a cze
|a slo
|b eng
|
| 043 |
|
|
|a e-uk---
|
| 045 |
|
|
|a x-x-
|
| 072 |
|
7 |
|a 929
|x Biografie
|2 Konspekt
|9 8
|
| 080 |
|
|
|a 929
|2 MRF
|
| 080 |
|
|
|a 314.15-026.49
|2 MRF
|
| 080 |
|
|
|a (=162.3)
|2 MRF
|
| 080 |
|
|
|a (=162.4)
|2 MRF
|
| 080 |
|
|
|a (410)
|2 MRF
|
| 080 |
|
|
|a (0:82-94)
|2 MRF
|
| 100 |
1 |
|
|a Kocourek, Milan,
|d 1946-
|7 js20020311001
|4 aut
|
| 245 |
1 |
0 |
|a Česko-slovenská Británie /
|c Milan Kocourek, Zuzana Slobodová
|
| 260 |
|
|
|a V Třeboni :
|b Carpio,
|c 2006
|
| 300 |
|
|
|a 252 s. :
|b il., portréty ;
|c 24 cm
|
| 546 |
|
|
|a Část. slovenský text, anglické resumé
|
| 550 |
|
|
|a Vydavatel: SVU Londýn
|
| 648 |
|
7 |
|a 20. století
|7 ch460558
|2 czenas
|
| 650 |
0 |
7 |
|a Češi
|7 ph128067
|z Velká Británie
|y 20. století
|2 czenas
|
| 650 |
0 |
7 |
|a Češi
|7 ph128067
|x emigrace
|y 20. století
|2 czenas
|
| 650 |
0 |
7 |
|a Slováci
|7 ph118089
|z Velká Británie
|y 20. století
|2 czenas
|
| 650 |
0 |
7 |
|a Slováci
|7 ph118089
|x emigrace
|y 20. století
|2 czenas
|
| 650 |
0 |
9 |
|a Czechs
|z Great Britain
|y 20th century
|2 eczenas
|
| 650 |
0 |
9 |
|a Czechs
|x emigration
|y 20th century
|2 eczenas
|
| 650 |
0 |
9 |
|a Slovaks
|z Great Britain
|y 20th century
|2 eczenas
|
| 650 |
0 |
9 |
|a Slovaks
|x emigration
|y 20th century
|2 eczenas
|
| 655 |
|
7 |
|a medailony
|7 fd185951
|2 czenas
|
| 655 |
|
9 |
|a biographical portraits
|2 eczenas
|
| 700 |
1 |
|
|a Slobodová, Zuzana,
|d 1947-
|7 mzk2006322897
|4 aut
|
| 710 |
2 |
|
|a Společnost pro vědy a umění
|7 kn20030922003
|
| 910 |
2 |
|
|a BOA001
|b 2-1163.711
|
| 990 |
|
|
|a BK
|
| 995 |
|
|
|a 01
|
| 991 |
|
|
|b 200602
|
| 996 |
6 |
|
|b 2610271028
|c 2-1163.711
|l MZK
|r Sklad / do 1 hodiny
|n 7
|p p.v.
|w 000807323
|u 000010
|a 1
|e BOA001
|j MZK50
|s P
|